000 00414nam a22001457a 4500
005 20180531134755.0
020 _a8176487058
_cRs.595.00 (hbk)
035 _aB-121844, B-121846
037 _aDPL
_bENG
100 _aRao, V.K.
245 _aHistory of education /
_cby V.K. Rao
260 _aNew Delhi
_bAPH Publishing Corporation
_c2005
300 _a270p.
_c20 cms.
942 _2ddc
_cEN
_h370.9
_mRAO
999 _c67959
_d67959